000 00657 a2200193 4500
999 _c183368
_d183368
005 20211223153806.0
010 _aENG-130529
020 _a978-93-5460-211-5
_c3750.00
035 _aEN-114061
037 _bDBAD/PUB
082 _a332.632044
_b1
_29th,Ed.
245 _aFixed Income Securities:
_cEditied By FRANK J. FABOZZI
250 _a9th, Ed.
260 _aChennai
_bMcGraw Hill Education(india) Private Limited
_c2021
270 _aAnjana Complex No.5 /90 A, Butt Road, St. Thomas Mount
_bChennai
_e600016
300 _a xxx, 1874p.
_c24cm (hbk)
_b index
700 _aFabozzi, Frank J.
942 _adpl
_cEN
_2ddc
_h332.632044
_mFIX